000
00315nam a2200133Ia 4500
100
_a
Kumbhojkar / G.V
942
_c
BK
654
_a
mathematics IV
245
_a
Applied Mathematics IV (Computer and IT)
260
_b
Pearson Education
_a
Mumbai
_c
2007
082
_a
519/KUM
_b
KUM
546
_a
ENGLISH
999
_c
22137
_d
22137